| 000 | 00687nam a2200253Ia 4500 | ||
|---|---|---|---|
| 003 | OSt | ||
| 005 | 20220927112137.0 | ||
| 006 | a|||||r|||| 00| 0 | ||
| 007 | ta | ||
| 008 | 220926b |||||||| |||| 00| 0 eng d | ||
| 024 | _a116683 | ||
| 037 | _cReports | ||
| 040 |
_aRTL _cRTL _beng |
||
| 041 |
_2eng _aeng |
||
| 082 | _a"NB.251.N5t, GD" | ||
| 110 | _aDelhi Development Authority | ||
| 245 | 0 | _aOutline of the draft master plan for Delhi | |
| 260 |
_aNew _bDelhi The Author` India |
||
| 300 |
_a18p. _ccm. |
||
| 650 | _aFine Arts | ||
| 700 | _aDelhi Development Authority | ||
| 942 |
_h"NB.251.N5t, GD" _cCC |
||
| 999 |
_c699847 _d699847 |
||